000 00386nam a22001337a 4500
008 200320b xxu||||| |||| 00| 0 eng d
082 _aCD16563
100 _aGiri, Pratima
245 _aChallenges of female English Language teachers
260 _aKathmandu:
_c2019.
502 _aDissertation
_bDegree in English (Education)
_cT.U.
650 _aEnglish language
942 _2ddc
_cVM
999 _c96177
_d96166